|
|
|
|
| LEADER |
01744nam a22003497a 4500 |
| 001 |
32725 |
| 003 |
BD-DhAAL |
| 005 |
20211207121135.0 |
| 008 |
180117t2009 enka bi 001 0 eng d |
| 999 |
|
|
|c 39046
|d 39046
|
| 020 |
|
|
|a 9780141040011
|
| 040 |
|
|
|a BD-DhAAL
|
| 050 |
0 |
0 |
|a HB74.P8
|b T53 2008
|
| 082 |
0 |
0 |
|a 330.019
|2 22
|
| 100 |
1 |
|
|a Thaler, Richard H.,
|d 1945-
|9 2179
|
| 245 |
1 |
0 |
|a Nudge :
|b improving decisions about health, wealth, and happiness /
|c Richard H. Thaler and Cass R. Sunstein.
|
| 260 |
|
|
|a New York :
|b Penguin Books,
|c c2009.
|
| 300 |
|
|
|a x, 305 pages :
|b illustrations ;
|c 20 cm.
|
| 504 |
|
|
|a Includes bibliographical references (p. 270-293) and index.
|
| 526 |
|
|
|a AAL
BIGD
|
| 541 |
|
|
|a Karim International and Amazon
|e 32725, 37103, 37445
|
| 650 |
|
0 |
|a Economics
|x Psychological aspects.
|9 2180
|
| 650 |
|
0 |
|a Choice (Psychology)
|x Economic aspects.
|9 2181
|
| 650 |
|
0 |
|a Economics.
|9 43508
|
| 650 |
|
0 |
|a Decision making
|x Psychological aspects.
|9 2182
|
| 650 |
|
0 |
|a Consumer behavior.
|9 747
|
| 700 |
1 |
|
|a Sunstein, Cass R.
|9 2183
|
| 852 |
|
|
|a Ayesha Abed Library
|c General Stacks
|
| 942 |
|
|
|2 ddc
|c BK
|
| 952 |
|
|
|0 0
|1 0
|2 ddc
|4 0
|6 330_019000000000000_THA
|7 0
|9 62642
|a BRACUL
|b BRACUL
|c GEN
|d 2018-01-17
|e Karim International
|g 1360.00
|l 6
|m 97
|o 330.019 THA
|p 3010032725
|r 2026-03-02
|s 2026-02-02
|t 1
|v 1360.00
|w 2018-01-17
|y BK
|
| 952 |
|
|
|0 0
|1 0
|2 ddc
|4 0
|6 330_019000000000000_THA
|7 0
|9 67985
|a IGS
|b IGS
|c GEN
|d 2020-02-23
|e Amazon
|g 707.94
|l 0
|o 330.019 THA
|p 3010037103
|r 2020-02-23
|t 2
|v 707.94
|w 2020-02-23
|y BK
|x This property belongs to Ayesha Abed Library
|
| 952 |
|
|
|0 0
|1 0
|2 ddc
|4 0
|6 330_019000000000000_THA
|7 0
|9 69237
|a IGS
|b IGS
|c GEN
|d 2021-01-31
|e Amazon
|g 707.94
|l 0
|o 330.019 THA
|p 3010037445
|r 2021-01-31
|t 3
|v 707.94
|w 2021-01-31
|y BK
|x Received diring pandemic
|